[Event "European Senior Team Championship 2021"]
[Site "Don Giovanni hotel, Vinohradska 2733, Prague, Czech Republic"]
[Date "2021.09.07"]
[Round "9"]
[Board "1"]
[White "Papacek, Stepan"]
[Black "Richtrova, Eliska"]
[Result "1/2-1/2"]
[WhiteElo "2256"]
[BlackElo "2186"]
[PlyCount "0"]
[EventDate "2021.08.30"]
[EventType "team"]
[EventRounds "9"]
[EventCountry "ECX"]
[WhiteTeam "SK SLAVOJ LITOMERICE"]
[BlackTeam "CZECH REPUBLIC WOMEN"]

1. e4 {[%clk 1:30:41]} c5 {[%clk 1:30:37]} 2. Nf3 {[%clk 1:30:53]} Nc6
{[%clk 1:30:57]} 3. Nc3 {[%clk 1:27:44]} g6 {[%clk 1:29:05]} 4. d4
{[%clk 1:27:53]} cxd4 {[%clk 1:29:00]} 5. Nxd4 {[%clk 1:28:21]} Bg7
{[%clk 1:29:25]} 6. Nb3 {[%clk 1:28:21]} d6 {[%clk 1:27:21]} 7. Be2
{[%clk 1:24:59]} Be6 {[%clk 1:24:34]} 8. O-O {[%clk 1:24:28]} Nf6
{[%clk 1:20:47]} 9. f4 {[%clk 1:17:12]} Qb6+ {[%clk 0:56:12]} 10. Kh1
{[%clk 1:17:16]} h5 {[%clk 0:56:39]} 11. Nd5 {[%clk 1:11:18]} Bxd5
{[%clk 0:55:42]} 12. exd5 {[%clk 1:11:45]} Nb4 {[%clk 0:46:46]} 13. Bf3
{[%clk 1:07:57]} h4 {[%clk 0:37:46]} 14. c3 {[%clk 0:52:25]} Na6 {[%clk 0:35:38]}
15. Re1 {[%clk 0:52:11]} Qc7 {[%clk 0:34:03]} 16. Be3 {[%clk 0:50:10]} Qd7
{[%clk 0:33:45]} 17. Bd4 {[%clk 0:48:38]} Kf8 {[%clk 0:34:07]} 18. Kg1
{[%clk 0:46:53]} Nc7 {[%clk 0:33:13]} 19. c4 {[%clk 0:45:27]} e6 {[%clk 0:18:41]}
20. dxe6 {[%clk 0:43:15]} Nxe6 {[%clk 0:19:06]} 21. Be3 {[%clk 0:42:30]} Rc8
{[%clk 0:15:56]} 22. Rc1 {[%clk 0:42:42]} b6 {[%clk 0:15:57]} 23. Nd4
{[%clk 0:33:28]} Ne8 {[%clk 0:16:11]} 24. b4 {[%clk 0:29:57]} Bf6
{[%clk 0:09:08]} 25. c5 {[%clk 0:22:47]} bxc5 {[%clk 0:02:56]} 26. bxc5
{[%clk 0:23:07]} d5 {[%clk 0:02:41]} 27. c6 Qd8 28. Nxe6+ {[%clk 0:14:09]} fxe6
{[%clk 0:03:39]} 29. Bxa7 {[%clk 0:12:54]} Ng7 {[%clk 0:03:29]} 30. Bg4
{[%clk 0:07:07]} Kf7 {[%clk 0:03:51]} 31. Bd4 {[%clk 0:06:50]} Nf5
{[%clk 0:02:12]} 32. Bxf5 {[%clk 0:07:10]} gxf5 {[%clk 0:02:32]} 33. c7
{[%clk 0:06:35]} Qe7 {[%clk 0:02:11]} 34. Rc6 {[%clk 0:06:18]} Rh6
{[%clk 0:02:12]} 35. Bxf6 {[%clk 0:04:57]} Qxf6 {[%clk 0:02:32]} 36. Rexe6
{[%clk 0:05:05]} Qxe6 {[%clk 0:02:58]} 37. Rxe6 {[%clk 0:05:32]} Kxe6
{[%clk 0:03:24]} 38. Qd4 {[%clk 0:05:43]} Rhh8 {[%clk 0:02:03]} 39. h3
{[%clk 0:04:18]} Kd6 {[%clk 0:00:45]} 40. Qe5+ {[%clk 0:04:03]} Kc5
{[%clk 0:00:43]} 41. Qc3+ {[%clk 0:02:44]} Kd6 {[%clk 0:29:39]} 42. Qe5+
{[%clk 0:30:49]} Kc5 {[%clk 0:29:04]} 43. Qc3+ {[%clk 0:28:26]}  1/2-1/2

[Event "European Senior Team Championship 2021"]
[Site "Don Giovanni hotel, Vinohradska 2733, Prague, Czech Republic"]
[Date "2021.09.07"]
[Round "9"]
[Board "2"]
[White "Kubikova, Hana"]
[Black "Bartos, Jan"]
[Result "0-1"]
[WhiteElo "2070"]
[BlackElo "2112"]
[PlyCount "0"]
[EventDate "2021.08.30"]
[EventType "team"]
[EventRounds "9"]
[EventCountry "ECX"]
[WhiteTeam "CZECH REPUBLIC WOMEN"]
[BlackTeam "SK SLAVOJ LITOMERICE"]

1. d4 {[%clk 1:30:56]} d5 {[%clk 1:30:53]} 2. Nf3 {[%clk 1:31:17]} Nf6
{[%clk 1:31:18]} 3. c4 {[%clk 1:31:11]} dxc4 {[%clk 1:31:33]} 4. Nc3
{[%clk 1:30:30]} a6 {[%clk 1:31:53]} 5. a4 {[%clk 1:30:38]} Nc6 {[%clk 1:32:01]}
6. e3 {[%clk 1:30:02]} Na5 {[%clk 1:32:14]} 7. Ne5 {[%clk 1:29:02]} Be6
{[%clk 1:31:33]} 8. Be2 {[%clk 1:27:36]} g6 {[%clk 1:31:57]} 9. O-O
{[%clk 1:23:00]} Bg7 {[%clk 1:32:22]} 10. Ra3 {[%clk 1:21:38]} O-O
{[%clk 1:31:32]} 11. e4 {[%clk 1:20:47]} c6 {[%clk 1:30:56]} 12. Be3
{[%clk 1:15:41]} b5 {[%clk 1:26:33]} 13. axb5 {[%clk 1:09:48]} cxb5
{[%clk 1:25:33]} 14. Qa1 {[%clk 0:57:47]} Nb3 {[%clk 1:25:32]} 15. Rxb3
{[%clk 0:57:09]} cxb3 {[%clk 1:25:56]} 16. Nc6 {[%clk 0:56:00]} Qc7
{[%clk 1:22:30]} 17. d5 {[%clk 0:55:54]} Ng4 {[%clk 1:19:38]} 18. Bxg4
{[%clk 0:54:26]} Bxg4 {[%clk 1:20:00]} 19. f3 {[%clk 0:54:12]} Bd7
{[%clk 1:06:02]} 20. Nd4 {[%clk 0:41:56]} Qc4 {[%clk 1:04:38]} 21. Rd1
{[%clk 0:40:40]} a5 {[%clk 1:04:17]} 22. Nce2 {[%clk 0:39:32]} b4
{[%clk 1:00:22]} 23. Rc1 {[%clk 0:35:13]} Qa6 {[%clk 1:00:32]} 24. Kf2
{[%clk 0:32:16]} a4 {[%clk 0:59:33]} 25. f4 {[%clk 0:29:32]} Bg4 {[%clk 0:56:41]}
26. e5 {[%clk 0:26:41]} f6 {[%clk 0:53:14]} 27. Rc6 {[%clk 0:26:06]} Qd3
{[%clk 0:52:33]} 28. Nc1 {[%clk 0:25:14]} Qe4 {[%clk 0:52:49]} 29. h3
{[%clk 0:17:04]} fxe5 {[%clk 0:52:29]}  0-1

[Event "European Senior Team Championship 2021"]
[Site "Don Giovanni hotel, Vinohradska 2733, Prague, Czech Republic"]
[Date "2021.09.07"]
[Round "9"]
[Board "3"]
[White "Kozak, Milos"]
[Black "Svobodova, Michaela"]
[Result "1/2-1/2"]
[WhiteElo "2103"]
[BlackElo "1919"]
[PlyCount "0"]
[EventDate "2021.08.30"]
[EventType "team"]
[EventRounds "9"]
[EventCountry "ECX"]
[WhiteTeam "SK SLAVOJ LITOMERICE"]
[BlackTeam "CZECH REPUBLIC WOMEN"]

1. d4 {[%clk 1:30:49]} d5 {[%clk 1:30:38]} 2. c4 {[%clk 1:31:07]} dxc4
{[%clk 1:30:19]} 3. e3 {[%clk 1:31:02]} Nf6 {[%clk 1:29:58]} 4. Bxc4
{[%clk 1:31:24]} e6 {[%clk 1:29:58]} 5. Nf3 {[%clk 1:31:42]} c5 {[%clk 1:29:36]}
6. O-O {[%clk 1:31:50]} a6 {[%clk 1:29:45]} 7. b3 {[%clk 1:31:55]} cxd4
{[%clk 1:29:06]} 8. Nxd4 {[%clk 1:31:36]} Be7 {[%clk 1:27:06]} 9. Bb2
{[%clk 1:31:38]} O-O {[%clk 1:26:23]} 10. Be2 {[%clk 1:23:16]} Bd7
{[%clk 1:22:25]} 11. Nd2 {[%clk 1:19:15]} Nc6 {[%clk 1:21:08]} 12. Nc4
{[%clk 1:15:26]} b5 {[%clk 1:15:37]} 13. Nxc6 {[%clk 1:08:01]} Bxc6
{[%clk 1:15:24]} 14. Ne5 {[%clk 1:07:54]} Bb7 {[%clk 1:12:20]} 15. Qxd8
{[%clk 1:02:32]} Rfxd8 {[%clk 1:10:52]} 16. Rfd1 {[%clk 1:02:44]}  1/2-1/2

[Event "European Senior Team Championship 2021"]
[Site "Don Giovanni hotel, Vinohradska 2733, Prague, Czech Republic"]
[Date "2021.09.07"]
[Round "9"]
[Board "1"]
[White "Stohl, Igor"]
[Black "Hubeny, Pavel"]
[Result "1-0"]
[WhiteElo "2462"]
[BlackElo "1763"]
[PlyCount "0"]
[EventDate "2021.08.30"]
[EventType "team"]
[EventRounds "9"]
[EventCountry "ECX"]
[WhiteTeam "SLOVAKIA"]
[BlackTeam "MAKKABI BOSKOVICE"]

1. Nf3 {[%clk 1:30:57]} f5 {[%clk 1:27:45]} 2. c4 {[%clk 1:30:36]} Nf6
{[%clk 1:28:09]} 3. g3 {[%clk 1:30:49]} e6 {[%clk 1:28:35]} 4. Bg2
{[%clk 1:31:11]} Be7 {[%clk 1:28:46]} 5. O-O {[%clk 1:31:22]} O-O
{[%clk 1:29:13]} 6. b3 {[%clk 1:31:19]} d6 {[%clk 1:29:38]} 7. d4
{[%clk 1:31:42]} c6 {[%clk 1:29:59]} 8. Bb2 {[%clk 1:29:15]} Qe8 {[%clk 1:30:18]}
9. Nbd2 {[%clk 1:28:59]} Nbd7 {[%clk 1:30:39]} 10. Qc2 {[%clk 1:28:02]} Qh5
{[%clk 1:30:40]} 11. e4 {[%clk 1:23:48]} fxe4 {[%clk 1:30:37]} 12. Nxe4
{[%clk 1:24:07]} Nxe4 {[%clk 1:31:02]} 13. Qxe4 {[%clk 1:24:28]} Nf6
{[%clk 1:31:28]} 14. Qe2 {[%clk 1:23:04]} Ng4 {[%clk 1:31:41]} 15. h3
{[%clk 1:20:59]} Nf6 {[%clk 1:32:07]} 16. Rfe1 {[%clk 1:19:44]} Bd7
{[%clk 1:32:24]} 17. Rad1 {[%clk 1:14:49]} Rae8 {[%clk 1:32:43]} 18. Bc1
{[%clk 1:14:35]} h6 {[%clk 1:32:51]} 19. Qc2 {[%clk 1:09:27]} g5 {[%clk 1:33:05]}
20. Ne5 {[%clk 1:06:48]} dxe5 {[%clk 1:32:53]} 21. dxe5 {[%clk 1:05:54]} Nd5
{[%clk 1:33:14]} 22. cxd5 {[%clk 1:05:49]} cxd5 {[%clk 1:33:16]} 23. Be3
{[%clk 1:04:14]} a6 {[%clk 1:33:25]} 24. Qd2 {[%clk 1:00:33]} Bc6
{[%clk 1:33:34]} 25. Rc1 {[%clk 0:59:49]} Rf7 {[%clk 1:33:14]} 26. Bd4
{[%clk 0:57:11]} Ref8 {[%clk 1:33:28]} 27. Rc2 {[%clk 0:55:04]} Qg6
{[%clk 1:33:17]} 28. Bf1 {[%clk 0:54:00]} Bb4 {[%clk 1:33:35]} 29. Qxb4
{[%clk 0:51:50]} Qxc2 {[%clk 1:33:55]} 30. Re2 {[%clk 0:52:04]} Qg6
{[%clk 1:33:48]} 31. Re1 {[%clk 0:49:48]} Rf3 {[%clk 1:33:27]} 32. Be2
{[%clk 0:47:48]} R3f7 {[%clk 1:32:28]} 33. Rc1 {[%clk 0:45:52]} Qe4
{[%clk 1:32:35]} 34. Qd2 {[%clk 0:43:54]} Qg6 {[%clk 1:31:51]} 35. Qd1
{[%clk 0:37:19]} Qg7 {[%clk 1:31:01]} 36. Bg4 {[%clk 0:27:09]} Rf5
{[%clk 1:31:17]} 37. Bxf5 {[%clk 0:22:09]} Rxf5 {[%clk 1:31:38]} 38. Qe2
{[%clk 0:21:42]} Qg6 {[%clk 1:31:16]} 39. Kg2 {[%clk 0:07:39]} h5
{[%clk 1:31:41]} 40. f3 {[%clk 0:07:00]} g4 {[%clk 1:31:15]} 41. fxg4
{[%clk 0:03:15]} hxg4 {[%clk 1:31:39]} 42. Qxg4 {[%clk 0:02:39]} Qxg4
{[%clk 1:31:38]} 43. hxg4 {[%clk 0:03:03]} Rf7 {[%clk 1:31:49]} 44. Rh1
{[%clk 0:29:41]} Kg7 {[%clk 2:02:07]} 45. g5 {[%clk 0:27:56]} Bb5
{[%clk 1:59:51]} 46. Rh6 {[%clk 0:25:58]} Re7 {[%clk 1:59:56]} 47. Rf6
{[%clk 0:25:11]} Bd3 {[%clk 2:00:17]} 48. g4 {[%clk 0:23:00]} Bb1
{[%clk 2:00:21]} 49. a3 {[%clk 0:23:04]} Bc2 {[%clk 2:00:46]} 50. b4
{[%clk 0:23:20]} Be4+ {[%clk 2:00:55]} 51. Kg3 {[%clk 0:21:07]} Rc7
{[%clk 2:00:45]} 52. Rxe6 {[%clk 0:17:37]} Rc4 {[%clk 2:01:09]} 53. Bc5
{[%clk 0:17:12]} d4 {[%clk 2:00:53]} 54. Rd6 {[%clk 0:16:11]} d3 {[%clk 2:01:10]}
55. e6 {[%clk 0:15:47]} Bg6 {[%clk 2:01:30]} 56. Rd7+ {[%clk 0:15:39]} Kg8
{[%clk 2:01:42]} 57. Rd8+ {[%clk 0:15:40]} Kg7 {[%clk 2:02:03]} 58. Bd4+
{[%clk 0:15:44]} Rxd4 {[%clk 2:01:58]} 59. Rxd4 {[%clk 0:16:11]} Kf8
{[%clk 2:02:17]} 60. Kf4 {[%clk 0:16:31]} Ke7 {[%clk 2:02:43]}  1-0

[Event "European Senior Team Championship 2021"]
[Site "Don Giovanni hotel, Vinohradska 2733, Prague, Czech Republic"]
[Date "2021.09.07"]
[Round "9"]
[Board "2"]
[White "Zemanek, Jan"]
[Black "Mrva, Martin"]
[Result "0-1"]
[WhiteElo "1860"]
[BlackElo "2387"]
[PlyCount "0"]
[EventDate "2021.08.30"]
[EventType "team"]
[EventRounds "9"]
[EventCountry "ECX"]
[WhiteTeam "MAKKABI BOSKOVICE"]
[BlackTeam "SLOVAKIA"]

1. d4 {[%clk 1:30:51]} Nf6 {[%clk 1:30:46]} 2. Nf3 {[%clk 1:31:04]} g6
{[%clk 1:31:00]} 3. g3 {[%clk 1:31:08]} c5 {[%clk 1:30:14]} 4. dxc5
{[%clk 1:29:34]} Qa5+ {[%clk 1:30:14]} 5. c3 {[%clk 1:29:28]} Qxc5
{[%clk 1:30:32]} 6. Bg2 {[%clk 1:29:50]} Bg7 {[%clk 1:30:45]} 7. O-O
{[%clk 1:30:12]} O-O {[%clk 1:31:08]} 8. Nbd2 {[%clk 1:26:50]} d6
{[%clk 1:29:02]} 9. Nb3 {[%clk 1:26:53]} Qh5 {[%clk 1:29:17]} 10. Qd2
{[%clk 1:23:43]} h6 {[%clk 1:27:50]} 11. Qf4 {[%clk 1:16:44]} g5 {[%clk 1:23:56]}
12. Qc4 {[%clk 1:15:41]} Nc6 {[%clk 1:17:06]} 13. Re1 {[%clk 1:14:03]} Bh3
{[%clk 1:16:01]} 14. Nbd2 {[%clk 1:12:13]} e5 {[%clk 1:10:12]} 15. Ne4
{[%clk 1:08:49]} Nxe4 {[%clk 1:10:04]} 16. Qxe4 {[%clk 1:09:11]} Rad8
{[%clk 1:10:23]} 17. Qd5 {[%clk 1:07:43]} Rfe8 {[%clk 1:08:11]} 18. e4
{[%clk 1:05:31]} a6 {[%clk 1:03:07]} 19. Be3 {[%clk 1:03:19]} Be6
{[%clk 1:02:50]} 20. Qd3 {[%clk 0:59:14]} d5 {[%clk 1:00:34]} 21. Bb6
{[%clk 0:57:15]} Rd7 {[%clk 0:59:13]} 22. exd5 {[%clk 0:56:12]} Rxd5
{[%clk 0:58:59]} 23. Qc2 {[%clk 0:54:01]} f5 {[%clk 0:59:01]} 24. a4
{[%clk 0:51:20]} e4 {[%clk 0:55:17]} 25. Nd2 {[%clk 0:48:33]} Ne5
{[%clk 0:55:34]} 26. Bd4 {[%clk 0:47:14]} Nd3 {[%clk 0:52:39]} 27. Re3
{[%clk 0:38:44]} Bxd4 {[%clk 0:51:50]} 28. cxd4 {[%clk 0:38:52]} Rxd4
{[%clk 0:51:57]} 29. Nb3 {[%clk 0:35:28]} Rb4 {[%clk 0:51:10]} 30. Ra3
{[%clk 0:34:49]} Rc8 {[%clk 0:51:10]} 31. Qxd3 {[%clk 0:31:47]} exd3
{[%clk 0:50:47]} 32. Rxe6 {[%clk 0:31:44]} Qd1+ {[%clk 0:50:41]}  0-1

[Event "European Senior Team Championship 2021"]
[Site "Don Giovanni hotel, Vinohradska 2733, Prague, Czech Republic"]
[Date "2021.09.07"]
[Round "9"]
[Board "4"]
[White "Sysr, Pavel"]
[Black "Motuz, Karol"]
[Result "0-1"]
[WhiteElo "1563"]
[BlackElo "2323"]
[PlyCount "0"]
[EventDate "2021.08.30"]
[EventType "team"]
[EventRounds "9"]
[EventCountry "ECX"]
[WhiteTeam "MAKKABI BOSKOVICE"]
[BlackTeam "SLOVAKIA"]

1. d4 {[%clk 1:30:57]} Nf6 {[%clk 1:30:43]} 2. Nf3 {[%clk 1:31:15]} g6
{[%clk 1:31:00]} 3. e3 {[%clk 1:31:32]} Bg7 {[%clk 1:31:16]} 4. c4
{[%clk 1:31:45]} O-O {[%clk 1:31:31]} 5. Be2 {[%clk 1:32:09]} c5 {[%clk 1:30:55]}
6. O-O {[%clk 1:30:58]} cxd4 7. exd4 {[%clk 1:31:21]} d5 {[%clk 1:30:54]} 8. Nc3
{[%clk 1:31:14]} Nc6 {[%clk 1:30:49]} 9. h3 {[%clk 1:30:13]} dxc4
{[%clk 1:23:55]} 10. Bxc4 {[%clk 1:30:27]} b6 {[%clk 1:23:24]} 11. d5
{[%clk 1:28:27]} Na5 {[%clk 1:21:58]} 12. Qe2 {[%clk 1:27:23]} Bb7
{[%clk 1:19:11]} 13. Rd1 {[%clk 1:20:40]} Nxc4 {[%clk 1:17:33]} 14. Qxc4
{[%clk 1:21:02]} Rc8 {[%clk 1:17:07]} 15. Qb3 {[%clk 1:20:47]} Qd6
{[%clk 1:05:32]} 16. Ng5 {[%clk 1:12:01]} Rfd8 {[%clk 1:02:04]} 17. g3
{[%clk 1:05:11]} Nxd5 {[%clk 0:58:22]} 18. Be3 {[%clk 0:55:51]} h6
{[%clk 0:47:13]} 19. Nge4 {[%clk 0:54:32]} Qe6 {[%clk 0:43:30]} 20. Kh2
{[%clk 0:50:00]} Qf5 {[%clk 0:39:15]} 21. Rg1 {[%clk 0:33:22]} Bxc3
{[%clk 0:37:47]} 22. Nxc3 {[%clk 0:33:16]} Nxe3  0-1

[Event "European Senior Team Championship 2021"]
[Site "Don Giovanni hotel, Vinohradska 2733, Prague, Czech Republic"]
[Date "2021.09.07"]
[Round "9"]
[Board "1"]
[White "Nemec, Pavel"]
[Black "Hracek, Zbynek"]
[Result "0-1"]
[WhiteElo "2213"]
[BlackElo "2565"]
[PlyCount "0"]
[EventDate "2021.08.30"]
[EventType "team"]
[EventRounds "9"]
[EventCountry "ECX"]
[WhiteTeam "SK BOHEMIA PARDUBICE"]
[BlackTeam "CZECH REPUBLIC"]

1. e4 {[%clk 1:30:56]} c5 {[%clk 1:30:56]} 2. Nf3 {[%clk 1:31:21]} d6
{[%clk 1:31:22]} 3. d4 {[%clk 1:31:46]} cxd4 {[%clk 1:31:46]} 4. Nxd4
{[%clk 1:32:10]} Nf6 {[%clk 1:32:11]} 5. Nc3 {[%clk 1:32:33]} Nc6
{[%clk 1:30:32]} 6. Be2 {[%clk 1:31:55]} e6 {[%clk 1:30:40]} 7. O-O
{[%clk 1:31:36]} Be7 {[%clk 1:31:06]} 8. Be3 {[%clk 1:31:47]} O-O
{[%clk 1:31:26]} 9. f4 {[%clk 1:31:46]} Bd7 {[%clk 1:31:34]} 10. Qe1
{[%clk 1:30:28]} Nxd4 {[%clk 1:26:43]} 11. Bxd4 {[%clk 1:30:56]} Bc6
{[%clk 1:27:06]} 12. Bd3 {[%clk 1:26:46]} Nd7 {[%clk 1:23:25]} 13. Qg3
{[%clk 1:25:17]} e5 {[%clk 1:23:07]} 14. fxe5 {[%clk 1:24:27]} Nxe5
{[%clk 1:18:41]} 15. Nd5 {[%clk 1:21:44]} Bxd5 {[%clk 0:58:30]} 16. exd5
{[%clk 1:22:10]} Bf6 {[%clk 0:58:15]} 17. Kh1 {[%clk 0:58:27]} g6
{[%clk 0:54:03]} 18. Be2 {[%clk 0:55:12]} Bg7 {[%clk 0:53:07]} 19. c4
{[%clk 0:54:15]} b6 {[%clk 0:47:48]} 20. a4 {[%clk 0:53:24]} a5 {[%clk 0:45:39]}
21. Ra3 {[%clk 0:41:57]} Qc7 {[%clk 0:44:02]} 22. Qc3 {[%clk 0:41:00]} Rfe8
{[%clk 0:40:42]} 23. Rb3 {[%clk 0:37:52]} Rab8 {[%clk 0:39:44]} 24. Rb5
{[%clk 0:35:49]} f5 {[%clk 0:37:26]} 25. b4 {[%clk 0:34:13]} axb4
{[%clk 0:37:13]} 26. Rxb4 {[%clk 0:34:19]} Qe7 {[%clk 0:36:33]} 27. a5
{[%clk 0:29:04]} Nd7 {[%clk 0:34:53]} 28. Bxg7 {[%clk 0:24:04]} Qxg7
{[%clk 0:35:14]} 29. Qxg7+ {[%clk 0:24:27]} Kxg7 {[%clk 0:35:42]} 30. Bd1
{[%clk 0:24:20]} bxa5 {[%clk 0:36:00]} 31. Rxb8 {[%clk 0:24:24]} Rxb8
{[%clk 0:36:03]} 32. Ba4 {[%clk 0:21:40]} Nc5 {[%clk 0:36:29]} 33. Bb5
{[%clk 0:21:58]} Ra8 {[%clk 0:36:09]} 34. Kg1 {[%clk 0:20:46]} a4
{[%clk 0:35:59]} 35. Ra1 {[%clk 0:20:11]} a3 {[%clk 0:36:26]} 36. Ra2
{[%clk 0:19:41]} Nd3 {[%clk 0:35:43]} 37. Ra1 {[%clk 0:16:48]} a2
{[%clk 0:33:54]} 38. c5 {[%clk 0:17:12]} Nxc5 {[%clk 0:34:15]} 39. Bc4
{[%clk 0:17:36]} Ra4 {[%clk 0:34:42]} 40. Bxa2 {[%clk 0:17:56]} Kf6
{[%clk 0:35:01]} 41. Kf1 {[%clk 0:17:32]} Nb3 {[%clk 0:35:12]}  0-1

[Event "European Senior Team Championship 2021"]
[Site "Don Giovanni hotel, Vinohradska 2733, Prague, Czech Republic"]
[Date "2021.09.07"]
[Round "9"]
[Board "2"]
[White "Haba, Petr"]
[Black "Paldus, Petr"]
[Result "1-0"]
[WhiteElo "2444"]
[BlackElo "2025"]
[PlyCount "0"]
[EventDate "2021.08.30"]
[EventType "team"]
[EventRounds "9"]
[EventCountry "ECX"]
[WhiteTeam "CZECH REPUBLIC"]
[BlackTeam "SK BOHEMIA PARDUBICE"]

1. e4 {[%clk 1:30:41]} e5 {[%clk 1:30:57]} 2. Nf3 {[%clk 1:31:02]} Nc6
{[%clk 1:31:22]} 3. Bb5 {[%clk 1:31:27]} Nf6 {[%clk 1:31:47]} 4. d3
{[%clk 1:31:30]} Bc5 {[%clk 1:31:37]} 5. Bxc6 {[%clk 1:31:34]} dxc6
{[%clk 1:32:04]} 6. Nbd2 {[%clk 1:31:54]} Bg4 {[%clk 1:18:31]} 7. h3
{[%clk 1:31:49]} Bxf3 {[%clk 1:18:55]} 8. Qxf3 {[%clk 1:31:13]} Qe7
{[%clk 1:16:24]} 9. Nc4 {[%clk 1:27:30]} Nd7 {[%clk 1:15:29]} 10. O-O
{[%clk 1:26:30]} O-O-O {[%clk 1:13:30]} 11. c3 {[%clk 1:23:48]} a6
{[%clk 1:09:47]} 12. b4 {[%clk 1:21:13]} Ba7 {[%clk 1:10:12]} 13. a4
{[%clk 1:21:36]} h5 {[%clk 0:53:26]} 14. b5 {[%clk 1:17:56]} cxb5
{[%clk 0:46:11]} 15. axb5 {[%clk 1:18:19]} axb5 {[%clk 0:44:48]} 16. Rxa7
{[%clk 1:07:19]} bxc4 {[%clk 0:44:35]} 17. Ba3 {[%clk 1:06:49]} Qf6
{[%clk 0:38:06]} 18. Qe3 {[%clk 1:05:39]} Nb6 {[%clk 0:28:36]} 19. dxc4
{[%clk 1:03:36]} Nxc4 {[%clk 0:20:06]} 20. Ra8+ {[%clk 0:50:21]} Kd7
{[%clk 0:20:31]} 21. Qd3+ {[%clk 0:50:48]} Nd6 {[%clk 0:20:52]} 22. Ra5
{[%clk 0:50:54]} b6 {[%clk 0:07:59]} 23. Rd5 {[%clk 0:47:47]} c5 {[%clk 0:08:23]}
24. f4 {[%clk 0:45:50]} exf4 {[%clk 0:04:36]} 25. e5 {[%clk 0:45:39]} Qe7
{[%clk 0:05:00]} 26. Rxd6+ {[%clk 0:43:05]} Kc7 {[%clk 0:05:21]} 27. Rxf4
{[%clk 0:41:54]} f6 {[%clk 0:04:00]} 28. Ra4 {[%clk 0:39:34]} Rxd6
{[%clk 0:03:52]} 29. exd6+ {[%clk 0:39:12]} Qxd6 {[%clk 0:04:14]} 30. Ra7+
{[%clk 0:39:27]} Kc6 {[%clk 0:04:29]} 31. Qe4+ {[%clk 0:38:46]}  1-0

[Event "European Senior Team Championship 2021"]
[Site "Don Giovanni hotel, Vinohradska 2733, Prague, Czech Republic"]
[Date "2021.09.07"]
[Round "9"]
[Board "3"]
[White "Vodicka, Pavel"]
[Black "Vokac, Marek"]
[Result "0-1"]
[WhiteElo "1915"]
[BlackElo "2370"]
[PlyCount "0"]
[EventDate "2021.08.30"]
[EventType "team"]
[EventRounds "9"]
[EventCountry "ECX"]
[WhiteTeam "SK BOHEMIA PARDUBICE"]
[BlackTeam "CZECH REPUBLIC"]

1. d4 {[%clk 1:30:56]} g6 {[%clk 1:30:55]} 2. c4 {[%clk 1:31:10]} Bg7
{[%clk 1:31:23]} 3. Nc3 {[%clk 1:31:34]} c5 {[%clk 1:31:42]} 4. Nf3
{[%clk 1:31:04]} cxd4 {[%clk 1:32:09]} 5. Nxd4 {[%clk 1:31:25]} Nc6
{[%clk 1:32:32]} 6. Nb3 {[%clk 1:29:44]} Nf6 {[%clk 1:32:46]} 7. g3
{[%clk 1:29:44]} O-O {[%clk 1:33:05]} 8. Bg2 {[%clk 1:30:08]} d6 {[%clk 1:33:23]}
9. O-O {[%clk 1:30:10]} Be6 {[%clk 1:29:40]} 10. Nd5 {[%clk 1:27:07]} Rc8
{[%clk 1:23:44]} 11. Be3 {[%clk 1:21:29]} Ng4 {[%clk 1:20:13]} 12. Bd4
{[%clk 1:20:42]} Nxd4 {[%clk 1:19:04]} 13. Nxd4 {[%clk 1:21:05]} Bd7
{[%clk 1:17:46]} 14. Rc1 {[%clk 1:12:52]} e6 {[%clk 1:10:14]} 15. Nc3
{[%clk 0:54:23]} Rxc4 {[%clk 1:10:23]} 16. e3 {[%clk 0:54:43]} h5
{[%clk 1:07:51]} 17. b3 {[%clk 0:53:12]} Rc5 {[%clk 1:06:20]} 18. Ne4
{[%clk 0:45:01]} Rxc1 {[%clk 1:06:22]} 19. Qxc1 {[%clk 0:45:22]} d5
{[%clk 1:06:05]} 20. h3 {[%clk 0:42:16]} dxe4 {[%clk 0:57:14]} 21. hxg4
{[%clk 0:42:32]} e5 {[%clk 0:57:42]} 22. Nc2 {[%clk 0:38:25]} Bxg4
{[%clk 0:57:02]} 23. Bxe4 {[%clk 0:38:14]} h4 {[%clk 0:57:04]} 24. f3
{[%clk 0:33:13]} Bh3 {[%clk 0:56:56]} 25. gxh4 {[%clk 0:26:47]} Qxh4
{[%clk 0:55:52]}  0-1